Normal view
MARC view
Entry Personal Name
001 - CONTROL NUMBER
- control field: 20414
003 - CONTROL NUMBER IDENTIFIER
- control field: ARRUPE
005 - DATE AND TIME OF LATEST TRANSACTION
- control field: 20151021124439.0
008 - FIXED-LENGTH DATA ELEMENTS
- fixed length control field: 151021|| aca||aabn | a|a d
040 ## - CATALOGING SOURCE
- Original cataloging agency: ARRUPE
- Transcribing agency: ARRUPE
100 ## - HEADING--PERSONAL NAME
- Personal name: Garnett, David,
- Dates associated with a name: 1892-1981.
670 ## - SOURCE DATA FOUND
- Source citation: Work cat.: (ARRUPE)0: Garnett, David, 1892-1981., Aspects of love., 1959